000 00529nam a22001937a 4500
003 DO-SdBNP
005 20220913140542.0
007 ta
008 110301s1967 dr 001 0 spa d
040 _aDO-SdBNP
_bspa
_cBNPHU
082 4 _axxxx
_bA473f
100 _aÁlvarez, Federico C
_913213
245 1 0 _aFinalidad del recurso de casación /
_cFederico C. Alvarez
260 _aSanto Domingo :
_b[s.d.],
_c1967.
300 _a129 p. :
_c22 cm.
590 _aInventariado, 2022/ YL
910 _aYLockward
942 _2ddc
_cLBS1
999 _c52383
_d52383